<?xml version="1.0" encoding="UTF-8"?>
<marc:record xmlns:marc="http://www.loc.gov/MARC21/slim">
   <marc:leader>00000nam a2200000 a 4500</marc:leader>
   <marc:datafield ind1="1" ind2=" " tag="100">
      <marc:subfield code="a">Johannson, Lena</marc:subfield>
      <marc:subfield code="4">aut</marc:subfield>
      <marc:subfield code="e">Verfasser/-in</marc:subfield>
   </marc:datafield>
   <marc:datafield ind1="0" ind2="0" tag="245">
      <marc:subfield code="a">Liebesquartett auf Usedom</marc:subfield>
   </marc:datafield>
   <marc:datafield ind1="0" ind2="0" tag="245">
      <marc:subfield code="b">Roman</marc:subfield>
   </marc:datafield>
   <marc:datafield ind1="0" ind2="0" tag="245">
      <marc:subfield code="c">Lena Johannson</marc:subfield>
   </marc:datafield>
   <marc:datafield ind1=" " ind2="1" tag="264">
      <marc:subfield code="a">Berlin</marc:subfield>
      <marc:subfield code="b">Aufbau Taschenbuch</marc:subfield>
      <marc:subfield code="c">2020</marc:subfield>
   </marc:datafield>
   <marc:datafield ind1="1" ind2=" " tag="520">
      <marc:subfield code="a">Angaben aus der Verlagsmeldung

Liebesquartett auf Usedom : Roman / von Lena Johannson

Sommerglück zwischen den Dünen.

Penny glaubt nicht an die Liebe. Als Standesbeamtin kennt sie schließlich die Scheidungsraten. Auch ihre beiden Freunde Pit und Heiner haben allen amourösen Abenteuern abgeschworen. Pit war schon dreimal unglücklich verheiratet, und Heiner, der eine Fischräucherei in Heringsdorf betreibt, denkt ohnehin nur ans Geschäft. Alles wird anders, als die Journalistin Verena auftaucht. Sie will eine Reportage über Usedomer Handwerkskunst schreiben und begleitet Pit und Heiner auf Schritt und Tritt. Zuerst amüsiert sich Penni darüber, denn sie ist sicher: Es kann nicht lange dauern, bis die beiden von der aufdringlichen Dame genug haben werden. Doch da irrt sie sich gewaltig.

Eine wunderbar heitere Liebesgeschichte auf Usedom, von der Bestsellerautorin von „Die Villa an der Elbchaussee“.
</marc:subfield>
   </marc:datafield>
   <marc:datafield ind1=" " ind2=" " tag="020">
      <marc:subfield code="a">9783746635491</marc:subfield>
      <marc:subfield code="9">9783746635491</marc:subfield>
   </marc:datafield>
   <marc:datafield ind1=" " ind2=" " tag="020">
      <marc:subfield code="a">3746635497</marc:subfield>
      <marc:subfield code="9">3746635497</marc:subfield>
   </marc:datafield>
   <marc:datafield ind1=" " ind2=" " tag="041">
      <marc:subfield code="a">ger</marc:subfield>
   </marc:datafield>
   <marc:datafield ind1=" " ind2=" " tag="300">
      <marc:subfield code="a">173 Seiten</marc:subfield>
   </marc:datafield>
</marc:record>
